Transformadores industriales / (Record no. 148069)

MARC details
000 -LEADER
campo de control de longitud fija 00686nam a2200205 4500
001 - NÚMERO DE CONTROL
campo de control 148069
003 - IDENTIFICADOR DE NÚMERO DE CONTROL
campo de control ES-MaACL
005 - FECHA Y HORA DE LA ÚLTIMA TRANSACCIÓN
campo de control 20230906202418.0
007 - CAMPO FIJO DE DESCRIPCIÓN FÍSICA--INFORMACIÓN GENERAL
campo de control de longitud fija t|
008 - DATOS DE LONGITUD FIJA--INFORMACIÓN GENERAL
campo de control de longitud fija 070214s1965 mx r ||||1| spa d
100 1# - ENTRADA PRINCIPAL--NOMBRE DE PERSONA
Nombre de persona Spurway, M. A.
9 (RLIN) 107817
245 10 - MENCIÓN DEL TÍTULO
Título Transformadores industriales /
Mención de responsabilidad, etc. M. A. Spurway ; traducción de Luis Ibáñez Morlán.
260 ## - PUBLICACIÓN, DISTRIBUCIÓN, ETC.
Lugar de publicación, distribución, etc. México :
Nombre del editor, distribuidor, etc. [s. n.],
Fecha de publicación, distribución, etc. 1965 (
Fabricante Unión Tipográfica Editorial Hispano-Americana)
300 ## - DESCRIPCIÓN FÍSICA
Extensión 144 p. :
Otras características físicas il. ;
Dimensiones 19 cm.
490 1# - MENCIÓN DE SERIE
Mención de serie Manuales técnicos uteha
700 1# - ENTRADA AGREGADA--NOMBRE PERSONAL
Nombre de persona Ibáñez Morlán, Luis.
9 (RLIN) 64937
830 0# - PUNTO DE ACCESO ADICIONAL DE SERIE-TÍTULO UNIFORME
Título uniforme Manuales técnicos uteha
9 (RLIN) 187498
852 ## - LOCALIZACIÓN
Ubicación ES-MaACL
Número de control de estantería C-28540
Sublocalización o colección R.58072
Holdings
Estatus retirado Estado de pérdida Estado de daño No para préstamo Biblioteca de origen Biblioteca actual Ubicación en estantería Fecha de adquisición Fuente de adquisición Total de préstamos Signatura topográfica completa Código de barras Visto por última vez Precio de reemplazo Tipo de ítem Koha
        Biblioteca del Ateneo de Madrid Biblioteca del Ateneo de Madrid Depósito 2 17/01/2008     C-28540 1154525 23/02/2023 23/02/2023 Libro impreso